CBRN : detekce a monitorování, fyzická ochrana, dekontaminace /

Uložené v:
Podrobná bibliografia
Hlavní autori: Matoušek, Jiří (Autor), Urban, Iason (Autor), Linhart, Petr (Autor)
Médium: Kniha
Jazyk:Czech
Vydavateľské údaje: Ostrava SPBI 2008
Vydanie:1. vyd.
Edícia:Spektrum 59.
Predmet:
Tagy: Pridať tag
Žiadne tagy, Buďte prvý, kto otaguje tento záznam!

MARC

LEADER 00000nam a22000003a 4500
001 0029076
003 SK-STU
005 20171215090906.9
007 ta
008 171215s ----xo-----e------000-0-----d
020 |a 978-80-7385-048-7 
040 |a STU  |b slo 
041 0 |a cze 
044 |a xr 
100 1 |a Matoušek, Jiří  |4 aut 
245 1 0 |a CBRN :  |b detekce a monitorování, fyzická ochrana, dekontaminace /  |c aut. Jiří Matoušek, Iason Urban, Petr Linhart 
250 |a 1. vyd. 
260 |a Ostrava  |b SPBI  |c 2008 
300 |a 215 s. 
490 0 |a Spektrum  |v 59. 
650 0 7 |a detekcia 
650 0 7 |a dekontaminácia 
700 1 |a Urban, Iason  |4 aut 
700 1 |a Linhart, Petr  |4 aut 
996 |b 284M087434  |c M* 13998-1  |l MMKN  |s A  |a 24  |w 0029076_0001